000 01112cam a2200325 4500
001 774797
003 ARRUPE
005 20150302140234.0
008 720807s1971 enk b 001 0 eng
010 _a 72185425
015 _aB72-07376
020 _a0850361397
040 _aDLC
_cDLC
_dDLC
041 1 _aengger
050 0 0 _aPN3331
_b.L813 1971b
082 0 0 _a808.3/3
100 1 _aLukács, György,
_d1885-1971.
_913753
240 1 0 _aTheorie des Romans.
_lEnglish
245 1 4 _aThe theory of the novel:
_ba historico-philosophical essay on the forms of great epic literature;
_cby Georg Lukács. Translated from the German by Anna Bostock.
260 _aLondon,
_bMerlin Press,
_c1971.
300 _a160 p.
_c23 cm.
350 _a£2.25
504 _aIncludes bibliographical references.
650 0 _aFiction
_xHistory and criticism
_xTheory, etc.
_914721
650 0 _aEpic literature
_xHistory and criticism
_xTheory, etc.
_914722
650 0 _aLiterary form.
_914723
700 _aBostock, Anna (tr.)
_915682
906 _a7
_bcbc
_corignew
_d3
_encip
_f19
_gy-gencatlg
942 _2lcc
_cMONOGRAPH
999 _c121917
_d121917